000 00300nam a22001337a 4500
008 170715b xxu||||| |||| 00| 0 eng d
020 _a9781577660576
041 _aeng
080 _a572
100 _a24
101 _aANT
245 _aAROUND THE WORLD IN 30 YEARS
_cANDERSON,B,G
942 _2udc
_cBK
999 _c21066
_d21066